000 01012nam a22002297a 4500
005 20170417162129.0
010 _aENG-109797
020 _a9789350351819
_c650.00
035 _aEN-93330
035 _aB-667543
037 _bDBAD/PUB
082 _a343.5409944
100 _aKamath, Nandan
245 0 0 _aLaw relating to computers internet and e-commerce :
_cby Nandan Kamath; foreworded by N. R. Madhava Menon
_ba guide to cyberlaws and the information technology act, rules, regulations and notifications along with latest case laws /
250 _a5th ed
260 _aNew Delhi
_bUniversal Law Publishing
_c2012 reprint 2017
270 _aC-FF-1A, Dilkhush Industrial Estate, (Near Azadpur Metro Station) G.T. Karnal Road
_bNew Delhi
_e110033
300 _aiv,847p.
_c24cm(pbk)
500 _aIncludes index
942 _2ddc
_cEN
_mKAM
_h343.5409944
999 _c83775
_d83775